| 000 | 00744nam a2200181 i 4500 | ||
|---|---|---|---|
| 001 | 157045 | ||
| 003 | ES-MaACL | ||
| 005 | 20230906210552.0 | ||
| 008 | 011123s1888 sp |||| |aspa d | ||
| 100 | 1 |
_aLapoulide, Juan Lorenzo ( _dm. 1906) _9163573 |
|
| 245 | 1 | 1 |
_a¡Pobre España! _b: (memorias de un coronel jefe de zona) / _cpor Juan L. Lapoulide. |
| 260 |
_aMadrid : _b[s.n.], _c1888 ( _fImp. de Diego Pacheco) |
||
| 300 |
_a83, [2] p. ; _c16 cm. |
||
| 530 | _aDisponible en formato digital. | ||
| 650 | 4 |
_aFuerzas armadas- _zEspaña- _vNovelas. _9163572 |
|
| 852 |
_aES-MaACL _jFol-Laf-468 |
||
| 856 |
_uhttps://bvpb.mcu.es/es/consulta/registro.do?id=577734 _zBiblioteca Virtual del Patrimonio Bibliográfico Disponible en formato digital |
||
| 999 |
_c157045 _d157045 |
||